Normal view
MARC view
- Ahmed, Nazir Malik
Entry Personal Name
001 - CONTROL NUMBER
- control field: 18641
003 - CONTROL NUMBER IDENTIFIER
- control field: NUST
005 - DATE AND TIME OF LATEST TRANSACTION
- control field: 20190726073752.0
008 - FIXED-LENGTH DATA ELEMENTS
- fixed length control field: 190726|| aca||aabn | a|a d
040 ## - CATALOGING SOURCE
- Original cataloging agency: NUST
- Transcribing agency: NUST
100 ## - HEADING--PERSONAL NAME
- Personal name: Ahmed, Nazir Malik
670 ## - SOURCE DATA FOUND
- Source citation: Work cat.: (NUST): Ahmed, Nazir Malik, SECURITY IN PERVASIVE COMPUTING ENVIRONMENT /, 2012.
